| 000 | 00563nam a2200217 a 4500 | ||
|---|---|---|---|
| 999 |
_c5767 _d5767 |
||
| 001 | 5767 | ||
| 003 | BD-JhCC | ||
| 005 | 20171221095433.0 | ||
| 008 | 171221s1956 e |||| || | 000 0 eng d | ||
| 035 | _a(BD-JhCC)5767 | ||
| 040 |
_aBD-JhCC _dBD-JhCC |
||
| 041 | _aeng | ||
| 082 |
_a824.91 _bPRI 1956 |
||
| 100 | _aPriestley, J. B. | ||
| 245 |
_aAll About Ourselves and Other Essays / _cJ. B. Priestley, |
||
| 260 |
_aLondon : _bWilliam Heinemann Ltd, _c1956. |
||
| 300 |
_a286 p. : _c21 cm. |
||
| 650 | _aEnglish Essays | ||
| 942 |
_2ddc _cBK |
||